Building secure defenses against code-reuse attacks / (Record no. 23341)

MARC details
000 -LEADER
fixed length control field 00823nam a22002535a 4500
008 - FIXED-LENGTH DATA ELEMENTS--GENERAL INFORMATION
fixed length control field 161127t2015 xxua|||fr|||| 00| 0 eng d
020 ## - INTERNATIONAL STANDARD BOOK NUMBER
International Standard Book Number 9783319255446
040 ## - CATALOGING SOURCE
Original cataloging agency EG-ScBUE
Language of cataloging eng
Transcribing agency EG-ScBUE
082 04 - DEWEY DECIMAL CLASSIFICATION NUMBER
Edition number 22
Classification number 005.8
Item number DAV
100 1# - MAIN ENTRY--PERSONAL NAME
Personal name Davi, Lucas
245 10 - TITLE STATEMENT
Title Building secure defenses against code-reuse attacks /
Statement of responsibility, etc Lucas Davi
260 ## - PUBLICATION, DISTRIBUTION, ETC. (IMPRINT)
Place of publication, distribution, etc New York
Name of publisher, distributor, etc Springer,
Date of publication, distribution, etc 2015.
300 ## - PHYSICAL DESCRIPTION
Extent x, 74 p. :
Other physical details ill. ;
Dimensions 24 cm.
490 #0 - Series Statement
Series statement SpringerBriefs in computer science
590 ## - LOCAL NOTE (RLIN)
Local note Suzan Ashmawy
650 #7 - SUBJECT ADDED ENTRY--TOPICAL TERM
Source of heading or term BUEsh
Topical term or geographic name as entry element Computer security
650 #7 - SUBJECT ADDED ENTRY--TOPICAL TERM
Source of heading or term BUEsh
Topical term or geographic name as entry element Data encryption
General subdivision Computer science.
650 #7 - SUBJECT ADDED ENTRY--TOPICAL TERM
Source of heading or term BUEsh
Topical term or geographic name as entry element Computer programming.
650 #7 - SUBJECT ADDED ENTRY--TOPICAL TERM
Source of heading or term BUEsh
Topical term or geographic name as entry element Programming languages
General subdivision Electronic computers.
651 ## - SUBJECT ADDED ENTRY--GEOGRAPHIC NAME
Source of heading or term BUEsh
653 ## - INDEX TERM--UNCONTROLLED
Resource For college Informatics and Computer Science
Arrived date list November2016
700 1# - ADDED ENTRY--PERSONAL NAME
Personal name Sadeghi, Ahmad-Reza,
Relator term author.
942 ## - ADDED ENTRY ELEMENTS (KOHA)
Source of classification or shelving scheme Dewey Decimal Classification
Holdings
Withdrawn status Item status Source of classification or shelving scheme Damaged status Not for loan Vendor Home library Current library Shelving location Date acquired Source of acquisition Cost, normal purchase price Serial Enumeration / chronology Total Checkouts Full call number Barcode Date last seen Cost, replacement price Koha item type
    Dewey Decimal Classification     Baccah Central Library Central Library Lower Floor 27/11/2016 Purchase 575.00 25137   005.8 DAV 000045026 15/07/2025 718.75 Book - Borrowing